| 000 | 00843nam a22002177a 4500 | ||
|---|---|---|---|
| 999 |
_c18340 _d18340 |
||
| 003 | AR-CdUCM | ||
| 008 | 190308b ||||| |||| 00| 0 spa d | ||
| 040 |
_aMUNICIPALIDAD PROVINCIAL DEL CUSCO _cBIBLIOTECA MUNICIPAL DEL CUSCO |
||
| 082 |
_a869.26 / _bC78T _2Séptima |
||
| 100 |
_aCortázar, Julio _9909 |
||
| 245 | _aTodos los fuegos el fuego / | ||
| 260 |
_aArgentina : _bSudamericana, _c1968. |
||
| 300 |
_a197 páginas ; _c21 cm. |
||
| 500 | _aLibro empastado. | ||
| 505 | _aContenido : La autopista del Sur -- La salud de los enfermos -- Reunión -- La señorita Cora -- La isla a mediodía -- Instrucciones para John Howell -- Todos los fuegos el fuego -- El otro cielo. | ||
| 650 |
_aLiteratura _983 |
||
| 650 |
_aLiteratura Latinoamericana _9799 |
||
| 650 |
_aNarrativa Latinoamericana _94 |
||
| 942 |
_2ddc _cLIBROS |
||
| 945 | _arcc | ||